| 000 | 00605nam a22002057a 4500 | ||
|---|---|---|---|
| 003 | PILC | ||
| 005 | 20160119101115.0 | ||
| 008 | 130919t xxu||||| |||| 00| 0 eng d | ||
| 020 | _a0679847758 | ||
| 050 |
_aPZ 8 _b.St64 1995 |
||
| 082 |
_aPZ 8 _b.S64 1995 |
||
| 100 |
_aStewig, John W. _9517 |
||
| 245 |
_aPrincess florecita and the iron shoes : _ba Spanish fairy tale / _cJohn Warren Stewig. |
||
| 260 |
_aSingapore : _bRandom House Inc, _cc1995. |
||
| 300 |
_bcol. ill. ; _c24 cm. |
||
| 650 |
_aFairy tales. _93114 |
||
| 650 |
_aFolklore _xSpain. _920903 |
||
| 942 |
_2lcc _cBK |
||
| 999 |
_c11680 _d11680 |
||